Culture g Ousmane quizz 1 - Statistiques

Statistiques générales
  • Ce quiz a été pris 17 fois
  • Le résultat moyen est 6 sur 18
Statistiques - réponses
Hint Réponse % Correct
Ancien nom de tiktok musical.ly
93%
Nom de la pizza BASIQUE margarita
67%
konnichiwa traduction bonjour
60%
Rappeur belge qui trompe beaucoup damso
53%
Célèbre team française de perpignan (un peu les avengers fr) team nasdas
47%
Capitale du Mali bamako
40%
Capitale du Vietnam hanoi
40%
Youtubeuse française à son prime en 2016 natoo
33%
Mineur carré (son prénom) steve
33%
Gâteau italien ou magrébin on sait plus tiramisu
33%
Roi des pirates gol d roger
27%
Cuisto pistonné par une souris linguini
27%
Rappeur finito qui a fait gucci gang lil pump
20%
Il claque des doigts cher fort thanos
20%
pizza typique de Lyon (crème poulet curry) boisée
7%
Président français assassiné à lyon carnot
7%
Projet de oppenheimer (nom du projet) projet manhattan
7%
Boisson incroyable au gingembre canada dry
0%
Aucun quiz correspondant
Distribution des résultats
% des personnes avec chaque résultat
Percentile par nombre de réponses
Votre historique - résultats
Vous n’avez pas pris ce quiz